Introduction to cryptography : (Record no. 188722)
[ view plain ]
| 000 -LEADER | |
|---|---|
| fixed length control field | 01222 a2200229 4500 |
| 003 - CONTROL NUMBER IDENTIFIER | |
| control field | Nust |
| 005 - DATE AND TIME OF LATEST TRANSACTION | |
| control field | 20230822102931.0 |
| 010 ## - LIBRARY OF CONGRESS CONTROL NUMBER | |
| LC control number | 2005048930 |
| 020 ## - INTERNATIONAL STANDARD BOOK NUMBER | |
| Terms of availability | 0131862391 |
| 040 ## - CATALOGING SOURCE | |
| Transcribing agency | Nust |
| 082 00 - DEWEY DECIMAL CLASSIFICATION NUMBER | |
| Classification number | 005.82,TRA |
| 100 1# - MAIN ENTRY--PERSONAL NAME | |
| Personal name | Trappe, Wade. |
| 9 (RLIN) | 73595 |
| 245 10 - TITLE STATEMENT | |
| Title | Introduction to cryptography : |
| Remainder of title | with coding theory / |
| Statement of responsibility, etc. | Wade Trappe, Lawrence C. Washington. |
| 250 ## - EDITION STATEMENT | |
| Edition statement | 2nd ed. |
| 260 ## - PUBLICATION, DISTRIBUTION, ETC. | |
| Place of publication, distribution, etc. | Upper Saddle River, N.J. : |
| Name of publisher, distributor, etc. | Pearson Prentice Hall, |
| Date of publication, distribution, etc. | 2006. |
| 300 ## - PHYSICAL DESCRIPTION | |
| Extent | p. cm. |
| 505 ## - FORMATTED CONTENTS NOTE | |
| Formatted contents note | Overview (Page-1), Classical Cryptosystems (Page-12), Basic Number Theory (Page-63), The Data Encryption Standard (Page-113) AES: Rijndael (Page-151), The RSA Algorithm (Page-164), Discrete Logarithms (Page-201), Hash Functions (Page-218), Digital Signatures (Page-244), Security Protocols (Page-256),Digital Cash (Page-287), Secret Sharing Schemes (Page-296), Games (Page-207),Zero-Knowledge Techniques (Page-316), Information Theory (Page-325), Elliptic Curves (Page-347), Lattice Methods (Page-376), Error Correcting Codes (Page-392), Quantum Techniques in Cryptography (Page-450). |
| 650 #0 - SUBJECT ADDED ENTRY--TOPICAL TERM | |
| Topical term or geographic name entry element | Coding theory. |
| 9 (RLIN) | 3106 |
| 650 #0 - SUBJECT ADDED ENTRY--TOPICAL TERM | |
| Topical term or geographic name entry element | Cryptography. |
| 700 1# - ADDED ENTRY--PERSONAL NAME | |
| Personal name | Washington, Lawrence C. |
| 9 (RLIN) | 73597 |
| 942 ## - ADDED ENTRY ELEMENTS (KOHA) | |
| Source of classification or shelving scheme | |
| Koha item type | Book |
| Withdrawn status | Lost status | Source of classification or shelving scheme | Damaged status | Not for loan | Permanent Location | Current Location | Shelving location | Date acquired | Full call number | Barcode | Date last seen | Price effective from | Koha item type | Public note |
|---|---|---|---|---|---|---|---|---|---|---|---|---|---|---|
| Military College of Signals (MCS) | Military College of Signals (MCS) | Reference | 12/12/2016 | 005.82,TRA | MCS31963 | 12/08/2016 | 12/12/2016 | Book | Almirah No.18, Shelf No.4 |
